000 00464nam a2200181Ia 4500
001 23325
005 20260414150929.0
008 260414t2015||||xx |||||||||||||| ||spa||
041 _aESP
082 _a629.8
_bF84
100 _aFriedland, Bernard
_eAUT
245 0 _aControl system design :
_ban introduction to state-space methods
260 _c2015
300 _axiv, 513 páginas :
_c23 cm.
650 _aCNM
654 _aCCN
942 _cLIB
_dJUS
_fJUS
_2ddc
_n
999 _c23325
_d23325